[Event "Jermuk FIDE GP (Women)"]
[Site "Jermuk"]
[Date "2010.07.05"]
[Round "11"]
[White "Chiburdanidze, Maia"]
[Black "Stefanova, Antoaneta"]
[Result "0-1"]
[WhiteElo "2514"]
[BlackElo "2560"]
[PlyCount "74"]
[EventDate "2010.06.24"]
[EventType "tourn"]
[EventRounds "11"]
[EventCountry "ARM"]
[EventCategory "10"]
[SourceTitle "CBM 137 Extra"]
[Source "ChessBase"]
[SourceDate "2010.09.01"]
[SourceVersion "1"]
[SourceVersionDate "2010.09.01"]
[SourceQuality "1"]

1. d4 d5 2. c4 c6 3. Nf3 Nf6 4. e3 Bf5 5. Nc3 e6 6. Nh4 Be4 7. f3 Bg6 8. Qb3 Qc7 9. Bd2 Be7 10. g3 a6 11. Rc1 dxc4 12. Bxc4 Nbd7 13. Be2 Rd8 14. Nxg6 hxg6 15. 0-0 e5 16. dxe5 Nc5 17. Qc2 Qxe5 18. Rcd1 g5 19. Bc1 Bd6 20. f4 Qe6 21. fxg5 Qh3 22. Bf3 Ng4 23. Ne4 Nxe4 24. Qxe4+ Kf8 25. Rd2 Nxh2 26. Bg2 Nxf1 27. Bxh3 Nxd2 28. Qf5 Ne4 29. g6 Nf6 30. gxf7 Bxg3 31. Kg2 Rh5 32. Qg6 Rc5 33. Qxg3 Rxc1 34. Qc7 Rd2+ 35. Kf3 g5 36. Qe5 g4+ 37. Kg3 Kxf7 0-1

[Event "Jermuk FIDE GP (Women)"]
[Site "Jermuk"]
[Date "2010.07.02"]
[Round "8"]
[White "Shen, Yang"]
[Black "Chiburdanidze, Maia"]
[Result "1/2-1/2"]
[WhiteElo "2452"]
[BlackElo "2514"]
[PlyCount "41"]
[EventDate "2010.06.24"]
[EventType "tourn"]
[EventRounds "11"]
[EventCountry "ARM"]
[EventCategory "10"]
[SourceTitle "CBM 137 Extra"]
[Source "ChessBase"]
[SourceDate "2010.09.01"]
[SourceVersion "1"]
[SourceVersionDate "2010.09.01"]
[SourceQuality "1"]

1. d4 Nf6 2. c4 e6 3. Nf3 Bb4+ 4. Bd2 Bxd2+ 5. Qxd2 d5 6. g3 Nbd7 7. Bg2 c6 8. 0-0 b6 9. b3 Bb7 10. Nc3 h6 11. Rac1 0-0 12. cxd5 cxd5 13. Nb5 a6 14. Nd6 Qb8 15. Nxb7 Qxb7 16. Rc2 Rfc8 17. Rfc1 Ne4 18. Qd3 a5 19. a4 Rxc2 20. Rxc2 Rc8 21. Nd2 1/2-1/2

[Event "Jermuk FIDE GP (Women)"]
[Site "Jermuk"]
[Date "2010.06.26"]
[Round "3"]
[White "Kovanova, Baira"]
[Black "Chiburdanidze, Maia"]
[Result "1/2-1/2"]
[WhiteElo "2366"]
[BlackElo "2514"]
[PlyCount "43"]
[EventDate "2010.06.24"]
[EventType "tourn"]
[EventRounds "11"]
[EventCountry "ARM"]
[EventCategory "10"]
[SourceTitle "CBM 137 Extra"]
[Source "ChessBase"]
[SourceDate "2010.09.01"]
[SourceVersion "1"]
[SourceVersionDate "2010.09.01"]
[SourceQuality "1"]

1. e4 c6 2. Nc3 d5 3. Nf3 Bg4 4. Be2 e6 5. 0-0 Nf6 6. Ne5 Bxe2 7. Qxe2 dxe4 8. Nxe4 Nxe4 9. Qxe4 Nd7 10. d4 Be7 11. c3 0-0 12. Bf4 Nxe5 13. Bxe5 Qd5 14. Qe2 Rfd8 15. Rfe1 Bd6 16. Qg4 Bxe5 17. Rxe5 Qc4 18. Qe2 Qxe2 19. Rxe2 Rd5 20. f3 Rad8 21. Kf2 Kf8 22. Rae1 1/2-1/2